Arte en barro (Record no. 1564)

MARC details
000 -CABECERA
campo de control de longitud fija 01228nam a2200313 a 4500
001 - NÚMERO DE CONTROL
campo de control BRCA_1782
005 - FECHA Y HORA DE LA ÚLTIMA TRANSACCIÓN
campo de control 20190320203540.0
008 - DATOS DE LONGITUD FIJA--INFORMACIÓN GENERAL
campo de control de longitud fija 950725s1994 mx-a---###---#000-0#spa-#
020 ## - NÚMERO INTERNACIONAL ESTÁNDAR DEL LIBRO
Número Internacional Estándar del Libro 96860600605
040 ## - FUENTE DE LA CATALOGACIÓN
Centro catalogador/agencia de origen DLC
Centro/agencia transcriptor DLC
Centro/agencia modificador DLC
041 ## - CÓDIGO DE LENGUA
Código de lengua del texto/banda sonora o título independiente spa
050 #4 - SIGNATURA TOPOGRÁFICA DE LA BIBLIOTECA DEL CONGRESO
Número de clasificación NK4032.T5
Número de documento/Ítem .A78 1994
245 10 - MENCIÓN DE TÍTULO
Título Arte en barro
Resto del título tipos mexicanos, escenas costumbristas : Tlaquepaque, Jalisco
Mención de responsabilidad, etc. coordinación de investigación y textos Gutierre Aceves Piña ; fotografía Gerardo Suter ; edición y coordinación general Carlos Beltrán.
260 ## - PUBLICACIÓN, DISTRIBUCIÓN, ETC.
Lugar de publicación, distribución, etc. Guadalajara, México
Nombre del editor, distribuidor, etc. Bancentro
Fecha de publicación, distribución, etc. 1994
300 ## - DESCRIPCIÓN FÍSICA
Extensión 143 p.
Otras características físicas il. a color
Dimensiones 32 cm.
500 ## - NOTA GENERAL
Nota general Homenaje a Fernando Gamboa
500 ## - NOTA GENERAL
Nota general Colección Sonia Corcuera de Mancera
504 ## - NOTA DE BIBLIOGRAFÍA, ETC.
Nota de bibliografía, etc. Bibliografía: p. 128-129
546 ## - NOTA DE LENGUA/LENGUAJE
Nota de lengua/lenguaje Texto en: español e inglés
650 14 - PUNTO DE ACCESO ADICIONAL DE MATERIA--TÉRMINO DE MATERIA
Término de materia o nombre geográfico como elemento de entrada Figuras de arcilla
Subdivisión general Historia
Subdivisión cronológica Siglo XIX
Subdivisión geográfica México
9 (RLIN) 5556
650 14 - PUNTO DE ACCESO ADICIONAL DE MATERIA--TÉRMINO DE MATERIA
Término de materia o nombre geográfico como elemento de entrada Figuras de archivo
Subdivisión general Historia
Subdivisión cronológica Siglo XX
Subdivisión geográfica México
9 (RLIN) 5557
650 14 - PUNTO DE ACCESO ADICIONAL DE MATERIA--TÉRMINO DE MATERIA
Término de materia o nombre geográfico como elemento de entrada Arte popular
Subdivisión general Historia
Subdivisión cronológica Siglos XIX-XX
Subdivisión geográfica México
9 (RLIN) 5558
650 14 - PUNTO DE ACCESO ADICIONAL DE MATERIA--TÉRMINO DE MATERIA
Término de materia o nombre geográfico como elemento de entrada Usos y costumbres en el arte
Subdivisión general Catálogos
9 (RLIN) 5559
653 0# - TÉRMINO DE INDIZACIÓN--NO CONTROLADO
Término no controlado Vida cotidiana
700 1# - PUNTO DE ACCESO ADICIONAL--NOMBRE DE PERSONA
Nombre de persona Aceves Piña, Gutierre
9 (RLIN) 5560
700 1# - PUNTO DE ACCESO ADICIONAL--NOMBRE DE PERSONA
Nombre de persona Beltrán, Carlos
Fechas asociadas al nombre 1950-
9 (RLIN) 5561
902 ## - CATALOGADOR
Iniciales DSC
942 ## - ELEMENTOS DE PUNTO DE ACCESO ADICIONAL (KOHA)
Fuente del sistema de clasificación o colocación Library of Congress Classification
Tipo de ítem Koha Libros
Holdings
Estado de retiro Estado de pérdida Estado dañado No para préstamo Localización permanente Ubicación/localización actual Fecha de adquisición Total de préstamos Signatura topográfica completa Código de barras Fecha visto por última vez Precio válido a partir de Tipo de ítem Koha
El ejemplar forma parte de la colección y puede ser consultado según las políticas vigentes.       Biblioteca del Museo Franz Mayer (Rogerio Casas-Alatriste) Biblioteca del Museo Franz Mayer (Rogerio Casas-Alatriste) 27/06/2008   NK4032.T5 .A78 1994 DSC00032 22/03/2019 22/03/2019 Libros